Tiếng Anh giao tiếp
Gồm 14 bài học có chủ đề xoay quanh cuộc sống giao tiếp hàng ngày. Mỗi bài học được chia làm nhiều phần khác nhau như: ngữ pháp, từ vựng, kĩ năng viết giúp...
Guardado en:
| Autor principal: | |
|---|---|
| Otros Autores: | |
| Formato: | Libro |
| Lenguaje: | Undetermined |
| Publicado: |
H.
Văn hóa - Thông tin
2011
|
| Materias: | |
| Acceso en línea: | http://lrc.tdmu.edu.vn/opac/search/detail.asp?aID=2&ID=19748 |
| Etiquetas: |
Agregar Etiqueta
Sin Etiquetas, Sea el primero en etiquetar este registro!
|
| Thư viện lưu trữ: | Trung tâm Học liệu Trường Đại học Thủ Dầu Một |
|---|
| LEADER | 00841nam a2200205Ia 4500 | ||
|---|---|---|---|
| 001 | TDMU_19748 | ||
| 008 | 210410s9999 xx 000 0 und d | ||
| 082 | |a 428.3 | ||
| 090 | |b L315 | ||
| 100 | |a Liz | ||
| 245 | 0 | |a Tiếng Anh giao tiếp | |
| 260 | |a H. | ||
| 260 | |b Văn hóa - Thông tin | ||
| 260 | |c 2011 | ||
| 300 | |a 110tr. | ||
| 520 | |a Gồm 14 bài học có chủ đề xoay quanh cuộc sống giao tiếp hàng ngày. Mỗi bài học được chia làm nhiều phần khác nhau như: ngữ pháp, từ vựng, kĩ năng viết giúp... | ||
| 650 | |a Tiếng Anh |x Giao tiếp; Anh văn giao tiếp | ||
| 700 | |a Soars, John | ||
| 856 | |u http://lrc.tdmu.edu.vn/opac/search/detail.asp?aID=2&ID=19748 | ||
| 980 | |a Trung tâm Học liệu Trường Đại học Thủ Dầu Một | ||